Mind Your Brain Master Your Life / (Record no. 209764)

MARC details
000 -LEADER
fixed length control field 00442nam a22001697a 4500
005 - DATE AND TIME OF LATEST TRANSACTION
control field 20250225154752.0
010 ## - LCCN (DPL NO)
LC control number ENG-143899
020 ## - INTERNATIONAL STANDARD BOOK NUMBER
Terms of availability 150.00
International Standard Book Number 9798184156416
035 ## - SYSTEM CONTROL NUMBER
System control number EN-127431
037 ## - SOURCE OF ACQUISITION
Source of stock number/acquisition DBAD/PUB
082 ## - DEWEY DECIMAL CLASSIFICATION NUMBER
Classification number 158.1
245 ## - TITLE STATEMENT
Title Mind Your Brain Master Your Life /
Statement of responsibility, etc By
Medium English
250 ## - EDITION STATEMENT
Edition statement 1
260 ## - PUBLICATION, DISTRIBUTION, ETC. (IMPRINT)
Name of publisher, distributor, etc Tejgyan Global Foundation
Date of publication, distribution, etc 2017
300 ## - PHYSICAL DESCRIPTION
Extent 110pg.
Dimensions 22cm(hbk)
942 ## - ADDED ENTRY ELEMENTS (KOHA)
Source of classification or shelving scheme Dewey Decimal Classification
Item type English Books
Classification part 158.1
Holdings
Withdrawn status Lost status Not for loan Collection code Home library Current library Date acquired Source of acquisition Cost, normal purchase price Full call number Barcode Copy number Cost, replacement price Koha item type
      Non-fiction Central Library Central Library 25/02/2025 DBAD 150.00 158.1 EN-127431 1 150.00 English Books

© Delhi Public Library
Hit Counter
free hit counter